<?xml version="1.0" encoding="UTF-8"?>
<collection xmlns="http://www.loc.gov/MARC21/slim">
 <record>
  <leader>00582nam a22001455a 4500</leader>
  <controlfield tag="001">EEO.bibeco004368</controlfield>
  <controlfield tag="003">AR-BaUEB</controlfield>
  <controlfield tag="005">20110412134608.0</controlfield>
  <controlfield tag="008">080718s1977####ag############000#0#spa#d</controlfield>
  <datafield tag="245" ind1="1" ind2="0">
   <subfield code="a">Trabajos y conclusiones del primer congreso argentino de economía del transporte aéreo.</subfield>
  </datafield>
  <datafield tag="260" ind1=" " ind2=" ">
   <subfield code="a">Buenos Aires :</subfield>
   <subfield code="b">Asociación aeronáutica Argentina,</subfield>
   <subfield code="c">1977.</subfield>
  </datafield>
  <datafield tag="300" ind1=" " ind2=" ">
   <subfield code="a">2. v.</subfield>
  </datafield>
  <datafield tag="110" ind1="2" ind2=" ">
   <subfield code="a">Congreso argentino de economía del transporte aéreo.</subfield>
   <subfield code="b">1º.</subfield>
   <subfield code="b">Buenos Aires, 26-30 de setiembre de 1977.</subfield>
  </datafield>
  <datafield tag="082" ind1="0" ind2="4">
   <subfield code="a">387.7</subfield>
  </datafield>
  <datafield tag="859" ind1=" " ind2=" ">
   <subfield code="a">AR-BaUEB</subfield>
   <subfield code="b">BIB. ECONOMIA - General</subfield>
   <subfield code="h">387.7</subfield>
   <subfield code="i">C76</subfield>
   <subfield code="p">e04350</subfield>
   <subfield code="v">2</subfield>
   <subfield code="3">v. 2</subfield>
  </datafield>
 </record>
</collection>
